<?xml version="1.0" encoding="UTF-8"?>
<record
    xmlns:xsi="http://www.w3.org/2001/XMLSchema-instance"
    xsi:schemaLocation="http://www.loc.gov/MARC21/slim http://www.loc.gov/standards/marcxml/schema/MARC21slim.xsd"
    xmlns="http://www.loc.gov/MARC21/slim">

  <leader>00730nam a22002177a 4500</leader>
  <controlfield tag="003">UA-OsUOA</controlfield>
  <controlfield tag="001"> 61691 </controlfield>
  <controlfield tag="007">ta</controlfield>
  <controlfield tag="008">20090710b un ||||| |||| 00| 0 ukr d</controlfield>
  <datafield tag="090" ind1=" " ind2=" ">
    <subfield code="a">261.76322(477) (058)</subfield>
    <subfield code="b">&#x41F;76</subfield>
  </datafield>
  <datafield tag="942" ind1=" " ind2=" ">
    <subfield code="c">BK</subfield>
  </datafield>
  <datafield tag="040" ind1=" " ind2=" ">
    <subfield code="a">UA-OsUOA</subfield>
    <subfield code="b">ukr</subfield>
    <subfield code="c">UA-OsUOA</subfield>
    <subfield code="d">UA-OsUOA</subfield>
  </datafield>
  <datafield tag="245" ind1=" " ind2=" ">
    <subfield code="a">&#x41F;&#x440;&#x456;&#x43E;&#x440;&#x438;&#x442;&#x435;&#x442;&#x438; &#x434;&#x435;&#x440;&#x436;&#x430;&#x432;&#x43D;&#x43E;&#x457; &#x43F;&#x43E;&#x43B;&#x456;&#x442;&#x438;&#x43A;&#x438; &#x432; &#x433;&#x430;&#x43B;&#x443;&#x437;&#x456; &#x441;&#x432;&#x43E;&#x431;&#x43E;&#x434;&#x438; &#x441;&#x43E;&#x432;&#x456;&#x441;&#x442;&#x456;: &#x448;&#x43B;&#x44F;&#x445;&#x438; &#x440;&#x435;&#x430;&#x43B;&#x456;&#x437;&#x430;&#x446;&#x456;&#x457;</subfield>
    <subfield code="b">&#x437;&#x431;&#x456;&#x440;&#x43D;&#x438;&#x43A; &#x43D;&#x430;&#x443;&#x43A;&#x43E;&#x432;&#x438;&#x445; &#x43C;&#x430;&#x442;&#x435;&#x440;&#x456;&#x430;&#x43B;&#x456;&#x432;</subfield>
  </datafield>
  <datafield tag="300" ind1=" " ind2=" ">
    <subfield code="a">180 &#x441;.</subfield>
  </datafield>
  <datafield tag="955" ind1=" " ind2=" ">
    <subfield code="a">1</subfield>
  </datafield>
  <datafield tag="041" ind1=" " ind2=" ">
    <subfield code="a">ukr</subfield>
  </datafield>
  <datafield tag="080" ind1=" " ind2=" ">
    <subfield code="a">261.76322(477) (058)</subfield>
  </datafield>
  <datafield tag="260" ind1=" " ind2=" ">
    <subfield code="a">&#x41A;.</subfield>
    <subfield code="b">"&#x421;&#x432;&#x456;&#x442; &#x417;&#x43D;&#x430;&#x43D;&#x44C;"</subfield>
    <subfield code="c">2007</subfield>
  </datafield>
  <datafield tag="650" ind1=" " ind2="7">
    <subfield code="a">26 &#x425;&#x440;&#x438;&#x441;&#x442;&#x438;&#x44F;&#x43D;&#x441;&#x44C;&#x43A;&#x430; &#x426;&#x435;&#x440;&#x43A;&#x432;&#x430; &#x437;&#x430;&#x433;&#x430;&#x43B;&#x43E;&#x43C;</subfield>
    <subfield code="2">UDC</subfield>
  </datafield>
  <datafield tag="999" ind1=" " ind2=" ">
    <subfield code="c">347458</subfield>
    <subfield code="d">347458</subfield>
  </datafield>
  <datafield tag="952" ind1=" " ind2=" ">
    <subfield code="0">0</subfield>
    <subfield code="1">0</subfield>
    <subfield code="2">udc</subfield>
    <subfield code="4">0</subfield>
    <subfield code="7">0</subfield>
    <subfield code="a">102</subfield>
    <subfield code="b">102</subfield>
    <subfield code="d">2009-07-10</subfield>
    <subfield code="e">104/2009</subfield>
    <subfield code="g">17.40</subfield>
    <subfield code="i">122263</subfield>
    <subfield code="l">1</subfield>
    <subfield code="o">261.76322(477) (058) &#x41F;76</subfield>
    <subfield code="p">122263</subfield>
    <subfield code="r">2022-06-17 00:00:00</subfield>
    <subfield code="s">2022-05-13</subfield>
    <subfield code="w">2009-07-10</subfield>
    <subfield code="y">BK</subfield>
  </datafield>
</record>
